000 01049nam a22002657a 4500
999 _c17598
_d17598
003 AR-CdUCM
008 190509b ||||| |||| 00| 0 spa d
040 _aMUNICIPALIDAD PROVINCIAL DEL CUSCO
_cBIBLIOTECA MUNICIPAL DEL CUSCO
082 _a623 /
_bF25
100 _aFarley, Philip J.
_937707
245 _aArmas a través del océano /
260 _aArgentina :
_bTres tiempos,
_c1981.
300 _a169 paginas ;
_c20 cm.
440 _aColección ensayos
_n19
_937708
500 _aTitulo original :Arms across the sea
505 _aContenido : Estados Unidos y el mercado mundial de armas -- Ayuda para seguridad -- Venta de armas -- Capacidad de producción para exportar armas -- Aplicación de la política sobre armas...
650 _aOrigen y evolución
_937709
650 _aMercado armamentista
_937710
650 _aPolítica militar
_98565
700 _aKaplan, Stephen S.
_937711
700 _aLewis, William H.
_937712
700 _aCoco, Luis F. (Traducción)
_937713
942 _2ddc
_cLIBROS
945 _awnts
_d2019-05-09